| 000 | 00536nam a2200181Ia 4500 | ||
|---|---|---|---|
| 003 | GCL | ||
| 008 | 140319s9999 xx 000 0 eng d | ||
| 040 |
_aGCL / _cGCL |
||
| 082 | 0 | 4 |
_a511.3 _bS C |
| 100 | 1 | _aSCHUMACHER, CAROL | |
| 245 | 1 | 0 |
_aCHAPTER ZERO: FUNDAMENTAL NOTIONS OF ABSTRACT MATHEMATICS / _cSCHUMACHER, CAROL |
| 260 |
_a[S.N] : _bADDISON - WESLEY PUBLISHING COMPANY ، _c1996 |
||
| 300 | _a162 P. | ||
| 650 | 0 | 4 | _aMATHEMATICS |
| 650 | 0 | 4 | _aPROBLEM SOLVING |
| 650 | 0 | 4 | _aLOGIC SYMBOLIC AND MATHEMATICAL |
| 942 |
_2ddc _cBK |
||
| 999 |
_c13107 _d13107 |
||